| 000 | 00000nam##2200000za#4500 |
| 001 | 9.579524 |
| 003 | CaOODSP |
| 005 | 20210624190614 |
| 007 | cr ||||||||||| |
| 008 | 150406|1988||||xxc|||||o f|0| 0 eng|d |
| 040 | |aCaOODSP|beng |
| 043 | |an-cn--- |
| 086 | 1 |aEn49-4/4-2E-PDF |
| 110 | 1 |aCanada. |bEnvironment Canada. |bEnvironmental Protection Service. |
| 245 | 10|aPolychlorinated biphenyls (PCBs) - fate and effects in the Canadian environment / |h[electronic resource]|cby W.M.J. Strachan ; prepared for Toxic Chemicals Steering Committee, Canadian Council of the Resource and Environment Ministers. |
| 260 | |aOttawa - Ontario : |bEnvironment Canada. |cMay 1988. |
| 300 | |a108p.|breferences, tables |
| 490 | 1 |aEnvironmental Protection series. Hazardous wastes|vEPS 4/HA/2 |
| 500 | |aThe catalogue number (En49-4/4-2E) and ISBN (0-662-16237-4) for the print edition have been copied in this electronic publication. |
| 546 | |a(Résumé en français.) |
| 590 | |a14-21-Supp|b2014-12-11 |
| 690 | 07|aEnvironmental impact|2gcpds |
| 690 | 07|aHazardous waste|2gcpds |
| 775 | 08|tDevenir et effets des BPC dans l'environnement canadien / |w(CaOODSP)9.606923 |
| 830 | #0|aEnvironmental Protection series. Hazardous wastes ;|vEPS 4/HA/2|w(CaOODSP)9.507834 |
| 856 | 40|ahttp://publications.gc.ca|qPDF|s1.35 MB|uhttps://publications.gc.ca/collections/collection_2014/ec/En49-4-4-2-eng.pdf|yEPS 4/HA/2 |